Studienreform in der Angewandten Linguistik in der Slowakei

Na minha lista:
Detalhes bibliográficos
Autor principal: Adamcová, Lívia
Formato: Capítulo de Livro
Idioma:alemão
Assuntos:
Tags: Adicionar Tag
Sem tags, seja o primeiro a adicionar uma tag!

MARC

LEADER 00000naa$a2200000$$$4500
001 0200155
005 20240502083508.9
041 0 |a ger 
044 |a AT 
245 1 0 |a Studienreform in der Angewandten Linguistik in der Slowakei  |c Lívia Adamcová 
610 2 0 |a jazykoveda 
610 2 0 |a reformy 
610 2 0 |a vzdelávanie 
610 2 0 |a komunikácia interkultúrna 
100 1 |a Adamcová, Lívia